000 00514nam a2200181Ia 4500
003 IN-BaIIA
008 211028s9999 xx 000 0 eng d
020 _a0-521-08202-1
040 _cIIA Library
080 _aGEN
_bAND
100 _aAnderson, M. D.
_911653
245 0 _aBook Indexing
_cM. D. Anderson
260 _aCambridge
_bCambridge University Press
_c1980
300 _aiv, 36p.
650 _aBook Indexing
_911654
650 _aNASA Thesaurus
942 _cBK
999 _c6799
_d6799